000 00395cam a2200157ua 4500
041 _aeng
_h
082 _a828.09
_bRIG/SH
100 _aRighter, Anne .
245 _aShakespeare and the idea of the play /
_cAnne Righter.
_hTextual Documents
250 _a1 /
_b.
260 _aLondon :
_bChatto and Windus ,
_c1964.
300 _a223 ; .
504 _a
942 _cBK
999 _c4055
_d4055